00593cam a22001812 4500001001100000005001700011008004100028020001500069040001500084100003000099245009300129250001300222260003500235300001200270630008200282650004400364852000300408000002371420151217152247.0130319s xx 000 0 eng d a0801025699 aKABUcKABU1 aCarson, D. A.@000014903412aA Call to spiritual reformation :bpriorities from Paul and his prayers /cD. A. Carson. a1st ed. aMichigan :bBakerbooks,c1992. a230 p.00aBible.pN. T.pEpistles of Paul.xHistory and criticismxPrayers.@0000182506 0aPrayersxBiblical teaching.@00001825071